[Event "Warsaw YMCA Winter-B 117th"]
[Site "Warsaw"]
[Date "2013.03.13"]
[Round "10"]
[White "Bernacki, Gabriel"]
[Black "Szwaj, Jacek"]
[Result "1/2-1/2"]
[WhiteElo "1896"]
[BlackElo "1915"]
[PlyCount "173"]
[EventDate "2013.01.09"]
[EventType "tourn"]
[EventRounds "11"]
[EventCountry "POL"]
[SourceTitle "EXT 2014"]
[Source "ChessBase"]
[SourceDate "2013.11.20"]
[SourceVersion "1"]
[SourceVersionDate "2013.11.20"]
[SourceQuality "1"]

1. d4 Nf6 2. c4 e6 3. Nc3 Bb4 4. e3 b6 5. Nf3 Bb7 6. Bd3 Ne4 7. Qc2 Bxc3+ 8. bxc3 f5 9. 0-0 0-0 10. Nd2 Nf6 11. f3 d6 12. Rb1 Nbd7 13. Ba3 c5 14. Nb3 Qe7 15. Rfe1 Rf7 16. Rbd1 g6 17. Bc1 e5 18. a4 e4 19. Be2 exf3 20. gxf3 Re8 21. a5 Ne4 22. f4 Qh4 23. Bf3 Ndf6 24. axb6 axb6 25. Re2 Ba6 26. Nd2 Nxd2 27. Bxd2 Bxc4 28. Rg2 Ne4 29. Be1 Qh3 30. Bg3 Ra7 31. Be2 Bxe2 32. Qxe2 Rea8 33. dxc5 bxc5 34. Qb2 Ra3 35. Rc1 Qh5 36. Be1 Qf3 37. Qe2 Qxe2 38. Rxe2 Ra2 39. Rcc2 Rxc2 40. Rxc2 Ra1 41. Kf1 Kf7 42. Ke2 Ke6 43. c4 d5 44. cxd5+ Kxd5 45. Rb2 Ra3 46. h4 c4 47. Rb5+ Kc6 48. Rb4 Ra2+ 49. Kd1 Kc5 50. Rb7 h5 51. Rc7+ Kb5 52. Rb7+ Kc6 53. Rb8 Ra6 54. Rc8+ Kb5 55. Rb8+ Rb6 56. Ra8 Kc5 57. Rc8+ Kd5 58. Rd8+ Nd6 59. Ba5 Rc6 60. Bb4 Ke6 61. Kc2 Nb5 62. Re8+ Kd7 63. Re7+ Kc8 64. Re5 Nc7 65. Kc3 Kd7 66. Rc5 Rxc5 67. Bxc5 Ke6 68. Kxc4 Ne8 69. Bb4 Nf6 70. Ba5 Ng4 71. Kd4 Nh2 72. Bd8 Kd6 73. Bf6 Nf3+ 74. Kd3 Kd5 75. Bd8 Nh2 76. Ba5 Ng4 77. Be1 Nf6 78. Bc3 Ne4 79. Bb4 Nf6 80. Bc3 Nd7 81. Bd4 Nb8 82. Bb2 Na6 83. Ba3 Nc7 84. Bb2 Nb5 85. Be5 Na3 86. Bb2 Nc4 87. Bc3 1/2-1/2

[Event "Warsaw YMCA Winter-B 117th"]
[Site "Warsaw"]
[Date "2013.02.13"]
[Round "6"]
[White "Bernacki, Gabriel"]
[Black "Kadzinski, Wieslaw"]
[Result "1-0"]
[WhiteElo "1896"]
[BlackElo "1972"]
[PlyCount "77"]
[EventDate "2013.01.09"]
[EventType "tourn"]
[EventRounds "11"]
[EventCountry "POL"]
[SourceTitle "EXT 2014"]
[Source "ChessBase"]
[SourceDate "2013.11.20"]
[SourceVersion "1"]
[SourceVersionDate "2013.11.20"]
[SourceQuality "1"]

1. d4 Nf6 2. c4 c5 3. d5 e5 4. Nc3 d6 5. e4 Be7 6. Nf3 0-0 7. Bd3 a6 8. 0-0 Ne8 9. a3 g6 10. b4 Nd7 11. Qc2 Ng7 12. Bh6 b6 13. Na4 Rb8 14. Rab1 b5 15. cxb5 axb5 16. Nc3 c4 17. Be2 Nf6 18. a4 bxa4 19. Nxa4 Bd7 20. Bxc4 Bxa4 21. Qxa4 Nxe4 22. Qc2 f5 23. Nxe5 dxe5 24. d6+ Kh8 25. dxe7 Qxe7 26. f3 Nd6 27. Rfc1 Rfc8 28. Qe2 f4 29. Bxg7+ Kxg7 30. b5 Nf5 31. Bd3 Nd4 32. Qb2 Qd6 33. Rxc8 Rxc8 34. b6 Qc5 35. Kh1 Kh6 36. b7 Rb8 37. Be4 Nf5 38. Qb6 Qd6 39. Bxf5 1-0

[Event "Warsaw YMCA Winter-B 117th"]
[Site "Warsaw"]
[Date "2013.01.14"]
[Round "2"]
[White "Bernacki, Gabriel"]
[Black "Zurkowski, Andrzej"]
[Result "0-1"]
[WhiteElo "1896"]
[BlackElo "2005"]
[PlyCount "62"]
[EventDate "2013.01.09"]
[EventType "tourn"]
[EventRounds "11"]
[EventCountry "POL"]
[SourceTitle "EXT 2014"]
[Source "ChessBase"]
[SourceDate "2013.11.20"]
[SourceVersion "1"]
[SourceVersionDate "2013.11.20"]
[SourceQuality "1"]

1. d4 c5 2. d5 e5 3. e4 d6 4. Nc3 Be7 5. Nf3 Bg4 6. h3 Bxf3 7. Qxf3 Bg5 8. Bb5+ Kf8 9. Bxg5 Qxg5 10. 0-0 a6 11. Bd3 b5 12. b3 Nf6 13. Nd1 Nbd7 14. Ne3 g6 15. g3 Kg7 16. Qg2 Rhf8 17. Rae1 Nh5 18. h4 Qe7 19. Be2 Nhf6 20. g4 Kh8 21. g5 Ne8 22. Bg4 Ng7 23. Qh3 Rad8 24. Rb1 f6 25. h5 gxh5 26. Bxh5 f5 27. Qh4 Nxh5 28. Qxh5 Rg8 29. f4 exf4 30. Ng2 Rxg5 31. Qh6 Rdg8 0-1

[Event "Warsaw YMCA 97th Autumn-B"]
[Site "Warsaw"]
[Date "2011.10.19"]
[Round "5"]
[White "Bernacki, Gabriel"]
[Black "Sielicki, Tomasz"]
[Result "1/2-1/2"]
[WhiteElo "1914"]
[BlackElo "2022"]
[PlyCount "96"]
[EventDate "2011.09.21"]
[EventType "tourn"]
[EventRounds "11"]
[EventCountry "POL"]
[SourceTitle "EXT 2014"]
[Source "ChessBase"]
[SourceDate "2013.11.20"]
[SourceVersion "1"]
[SourceVersionDate "2013.11.20"]
[SourceQuality "1"]

1. d4 d6 2. c4 e5 3. dxe5 dxe5 4. Qxd8+ Kxd8 5. Nc3 Be6 6. e3 c6 7. Bd2 Nd7 8. 0-0-0 Kc7 9. Nf3 f6 10. Be2 a5 11. Na4 Ne7 12. Bc3 Nc8 13. Nd2 Ncb6 14. Nxb6 Nxb6 15. Kc2 Na4 16. h4 Nxc3 17. Kxc3 Bb4+ 18. Kc2 Rhd8 19. a3 Bc5 20. Kc3 a4 21. Ne4 Bb6 22. Kc2 Bf5 23. Bf3 Ba5 24. Kc1 Be6 25. Be2 b6 26. h5 h6 27. g4 Rxd1+ 28. Rxd1 Rd8 29. Ng3 Rxd1+ 30. Kxd1 Bd7 31. f3 b5 32. Kc2 b4 33. Ne4 b3+ 34. Kd3 Kb6 35. Nd6 c5 36. f4 exf4 37. exf4 Kc6 38. Ne4 f5 39. Nf2 Bd8 40. Bf3+ Kd6 41. gxf5 Bxf5+ 42. Be4 Bd7 43. Bg6 Bc6 44. Ne4+ Bxe4+ 45. Kxe4 Bf6 46. Be8 Bxb2 47. Bxa4 Bxa3 48. Bxb3 Bb2 1/2-1/2

[Event "Warsaw YMCA Autumn-C 82nd"]
[Site "Warsaw"]
[Date "2010.12.01"]
[Round "10"]
[White "Bernacki, Gabriel"]
[Black "Jarmula, Lukasz"]
[Result "1/2-1/2"]
[WhiteElo "1890"]
[BlackElo "1843"]
[PlyCount "88"]
[EventDate "2010.09.22"]
[EventType "tourn"]
[EventRounds "13"]
[EventCountry "POL"]
[SourceTitle "EXT 2019"]
[Source "ChessBase"]
[SourceDate "2018.10.10"]
[SourceVersion "1"]
[SourceVersionDate "2018.10.10"]
[SourceQuality "1"]

1. d4 Nf6 2. c4 g6 3. Nc3 Bg7 4. e4 d6 5. Be2 0-0 6. Bg5 Na6 7. Qd2 e5 8. Nf3 Qe8 9. 0-0 exd4 10. Bxf6 dxc3 11. Qxc3 Bxf6 12. Qxf6 Qxe4 13. Rfe1 Qf5 14. Qc3 Nc5 15. Rad1 Bd7 16. b4 Ne6 17. Rd5 Qf4 18. g3 Qh6 19. Ne5 dxe5 20. Rxd7 Rad8 21. Rxd8 Rxd8 22. Qxe5 Qg7 23. Qe3 Qd4 24. Rd1 Qxe3 25. fxe3 Rxd1+ 26. Bxd1 Kg7 27. Bf3 b6 28. Kf2 a5 29. a3 axb4 30. axb4 f5 31. Bd5 Ng5 32. h4 Ne4+ 33. Kf3 Nc3 34. e4 fxe4+ 35. Bxe4 Kf6 36. Kf4 Nxe4 37. Kxe4 Ke6 38. g4 h6 39. b5 Kd6 40. Kd4 Ke6 41. c5 h5 42. gxh5 gxh5 43. cxb6 cxb6 44. Ke4 Kd6 1/2-1/2

[Event "Warsaw YMCA Autumn-C 82nd"]
[Site "Warsaw"]
[Date "2010.11.24"]
[Round "9"]
[White "Major, Boguslaw"]
[Black "Bernacki, Gabriel"]
[Result "0-1"]
[WhiteElo "1840"]
[BlackElo "1890"]
[PlyCount "86"]
[EventDate "2010.09.22"]
[EventType "tourn"]
[EventRounds "13"]
[EventCountry "POL"]
[SourceTitle "EXT 2019"]
[Source "ChessBase"]
[SourceDate "2018.10.10"]
[SourceVersion "1"]
[SourceVersionDate "2018.10.10"]
[SourceQuality "1"]

1. d4 c5 2. e4 cxd4 3. Nf3 Nc6 4. c3 dxc3 5. Nxc3 d6 6. Bc4 a6 7. 0-0 Nf6 8. e5 dxe5 9. Qxd8+ Nxd8 10. Nxe5 e6 11. Rd1 Be7 12. Be3 Nd7 13. Nf3 0-0 14. Ne4 Nc6 15. Nd6 Nde5 16. Nxe5 Nxe5 17. Be2 Rd8 18. Ne4 Bd7 19. Bb6 Re8 20. Nd6 Bxd6 21. Rxd6 Bc6 22. Rad1 Rac8 23. f4 Ng6 24. g3 Ne7 25. Ba5 Nf5 26. R6d2 h6 27. Kf2 Bd5 28. Bb4 Ne7 29. Bxe7 Rxe7 30. Bf3 Bxa2 31. Rd8+ Rxd8 32. Rxd8+ Kh7 33. g4 g6 34. Ke3 Kg7 35. Kd4 Rc7 36. Be4 Rc4+ 37. Ke3 Rb4 38. Rd2 Bd5 39. Bb1 g5 40. fxg5 Rxg4 41. gxh6+ Kxh6 42. Rf2 f5 43. Rd2 Kg5 0-1

[Event "Bialystok op-B"]
[Site "Bialystok"]
[Date "2010.11.??"]
[Round "6"]
[White "Bernacki, Gabriel"]
[Black "Niesteruk, Mikolaj"]
[Result "1-0"]
[WhiteElo "1890"]
[BlackElo "1832"]
[PlyCount "77"]
[EventDate "2010.11.??"]
[EventType "swiss"]
[EventRounds "9"]
[EventCountry "POL"]
[SourceTitle "EXT 2014"]
[Source "ChessBase"]
[SourceDate "2013.11.20"]
[SourceVersion "1"]
[SourceVersionDate "2013.11.20"]
[SourceQuality "1"]

1. d4 d5 2. c4 c6 3. Nc3 Nf6 4. Nf3 Bg4 5. e3 e6 6. Be2 Bd6 7. 0-0 Nbd7 8. h3 Bh5 9. cxd5 exd5 10. a3 Ne4 11. Nd2 Bg6 12. Ndxe4 dxe4 13. f4 h5 14. f5 Qh4 15. fxg6 Qg3 16. Nxe4 Qh2+ 17. Kf2 Be7 18. gxf7+ Kf8 19. Bf3 Bh4+ 20. Ke2 Rh6 21. Rh1 Qc7 22. Bd2 a5 23. b4 Qb6 24. g3 Qb5+ 25. Kf2 Be7 26. bxa5 Nf6 27. Nc5 Bxc5 28. dxc5 Qc4 29. Qe2 Qxf7 30. Kg2 Rg6 31. Rhf1 Kg8 32. Rab1 Rd8 33. Bc3 Qc7 34. Qc4+ Nd5 35. Bxd5+ cxd5 36. Qf4 Qxc5 37. Qd4 Qxa3 38. Rb6 Rg5 39. Rxb7 1-0

[Event "Warsaw YMCA Autumn-C 82nd"]
[Site "Warsaw"]
[Date "2010.10.13"]
[Round "4"]
[White "Bernacki, Gabriel"]
[Black "Koziol, Pawel"]
[Result "1-0"]
[WhiteElo "1890"]
[BlackElo "1814"]
[PlyCount "79"]
[EventDate "2010.09.22"]
[EventType "tourn"]
[EventRounds "13"]
[EventCountry "POL"]
[SourceTitle "EXT 2019"]
[Source "ChessBase"]
[SourceDate "2018.10.10"]
[SourceVersion "1"]
[SourceVersionDate "2018.10.10"]
[SourceQuality "1"]

1. d4 Nf6 2. c4 e6 3. Nc3 Bb4 4. e3 d6 5. Nge2 c6 6. a3 Ba5 7. b4 Bc7 8. Qc2 Nbd7 9. Ng3 0-0 10. Bd3 a5 11. Rb1 axb4 12. axb4 Re8 13. 0-0 Nf8 14. Rd1 Qe7 15. e4 e5 16. d5 Bb6 17. c5 dxc5 18. Na4 Rxa4 19. Qxa4 Ng4 20. Be3 Nxe3 21. fxe3 cxb4 22. Nf1 c5 23. Qb5 Qd8 24. Bc2 Bd7 25. Qe2 Qg5 26. Qf2 Bb5 27. Bd3 Bxd3 28. Rxd3 c4 29. Rxb4 cxd3 30. Rxb6 Qh5 31. Rxb7 Rc8 32. Qf5 Qxf5 33. exf5 e4 34. Rb4 Rd8 35. Rd4 g6 36. Ng3 gxf5 37. Nxf5 Nd7 38. Rxe4 Nf6 39. Rd4 Kf8 40. d6 1-0

[Event "Warsaw YMCA Autumn-C 82nd"]
[Site "Warsaw"]
[Date "2010.10.06"]
[Round "3"]
[White "Bernacki, Gabriel"]
[Black "Wrabel, Antoni"]
[Result "1-0"]
[WhiteElo "1890"]
[BlackElo "1819"]
[PlyCount "51"]
[EventDate "2010.09.22"]
[EventType "tourn"]
[EventRounds "13"]
[EventCountry "POL"]
[SourceTitle "EXT 2019"]
[Source "ChessBase"]
[SourceDate "2018.10.10"]
[SourceVersion "1"]
[SourceVersionDate "2018.10.10"]
[SourceQuality "1"]

1. d4 Nf6 2. c4 e6 3. Nc3 d5 4. cxd5 exd5 5. Bg5 Nbd7 6. e3 Be7 7. Bd3 0-0 8. Qc2 b6 9. Nf3 h6 10. h4 c5 11. 0-0-0 Bb7 12. Bxf6 Nxf6 13. Ne5 cxd4 14. exd4 Rc8 15. Kb1 Bb4 16. Rh3 a6 17. g4 Ne4 18. Bxe4 dxe4 19. g5 h5 20. g6 Bxc3 21. gxf7+ Kh7 22. bxc3 Bd5 23. Rg1 Bxf7 24. Qxe4+ Kh8 25. Rg5 Qf6 26. Rf3 1-0

[Event "Warsaw YMCA Autumn-C 82nd"]
[Site "Warsaw"]
[Date "2010.09.29"]
[Round "2"]
[White "Prus, Marek"]
[Black "Bernacki, Gabriel"]
[Result "0-1"]
[WhiteElo "1811"]
[BlackElo "1890"]
[PlyCount "126"]
[EventDate "2010.09.22"]
[EventType "tourn"]
[EventRounds "13"]
[EventCountry "POL"]
[SourceTitle "EXT 2019"]
[Source "ChessBase"]
[SourceDate "2018.10.10"]
[SourceVersion "1"]
[SourceVersionDate "2018.10.10"]
[SourceQuality "1"]

1. e4 c6 2. Nc3 d5 3. f4 dxe4 4. Nxe4 Nd7 5. Nf3 Ngf6 6. Nf2 e6 7. d4 c5 8. c3 cxd4 9. Nxd4 Bc5 10. Bd3 Qb6 11. Qa4 0-0 12. 0-0 e5 13. fxe5 Nxe5 14. Qd1 Bg4 15. Nxg4 Bxd4+ 16. Kh1 Nxd3 17. Qxd3 Nxg4 18. cxd4 Rad8 19. Be3 Nxe3 20. Qxe3 Qxd4 21. Qb3 Qd5 22. Rf3 Qxb3 23. Rxb3 Rd7 24. Re1 g6 25. h3 Rc8 26. Re2 h5 27. g3 Rc4 28. Kg2 Kg7 29. Kf3 Kf6 30. h4 b6 31. Rbe3 Rcd4 32. Rc2 Rd2 33. Rc6+ Kf5 34. Rc4 Kf6 35. Rc6+ Kg7 36. Rcc3 Rxb2 37. a3 Rbd2 38. Rb3 Rc7 39. Re1 Kf6 40. Ke3 Rdc2 41. Rf1+ Kg7 42. Kd3 Rg2 43. Rf3 Rc5 44. Rb4 Ra2 45. Rb3 Rac2 46. Re3 Rc1 47. Kd2 Rf1 48. Re7 Ra5 49. Ke2 Rff5 50. Rb7 Kf6 51. Rc7 Ra4 52. Rc6+ Ke7 53. Re3+ Kd7 54. Rcc3 Rd4 55. Rb3 Rf6 56. Rf3 Re4+ 57. Kd2 Rxf3 58. Rxf3 Ke6 59. Kd3 f5 60. Kc3 f4 61. gxf4 Kf5 62. Rg3 Rxf4 63. Rg5+ Kf6 0-1

[Event "Warsaw YMCA Spring-A 78th"]
[Site "Warsaw"]
[Date "2010.04.30"]
[Round "2"]
[White "Wrabel, Antoni"]
[Black "Bernacki, Gabriel"]
[Result "1/2-1/2"]
[WhiteElo "1844"]
[BlackElo "1839"]
[PlyCount "117"]
[EventDate "2010.04.06"]
[EventType "tourn"]
[EventRounds "13"]
[EventCountry "POL"]
[SourceTitle "EXT 2011"]
[Source "ChessBase"]
[SourceDate "2010.11.26"]
[SourceVersion "1"]
[SourceVersionDate "2010.11.26"]
[SourceQuality "1"]

1. e4 c6 2. d4 d5 3. exd5 cxd5 4. Bd3 Nc6 5. c3 Qc7 6. Ne2 Bg4 7. f3 Bh5 8. Bf4 Qb6 9. Qb3 Qxb3 10. axb3 f6 11. Na3 e5 12. Be3 a6 13. b4 Kf7 14. Kf2 Bg6 15. Rhd1 Bxd3 16. Rxd3 e4 17. fxe4 dxe4 18. Rd2 Nge7 19. Ng3 Nd5 20. Re2 Re8 21. Bd2 e3+ 22. Bxe3 Nxe3 23. Rxe3 Bd6 24. Nf5 Bb8 25. Nc4 Rxe3 26. Kxe3 Rd8 27. g3 g6 28. Nh4 Bc7 29. Nf3 h6 30. Nfd2 h5 31. Rg1 b5 32. Na3 Bb6 33. Rf1 Nxd4 34. cxd4 Bxd4+ 35. Ke2 Bxb2 36. Nab1 h4 37. Rf3 h3 38. Ne4 Re8 39. Kd3 Rd8+ 40. Kc2 Be5 41. Ng5+ Ke7 42. Nxh3 Rh8 43. Nf4 Rxh2+ 44. Nd2 Kf7 45. Nd3 Bc7 46. Kc3 a5 47. Ne4 f5 48. bxa5 Bxa5+ 49. Kb3 Ke6 50. Nc3 b4 51. Na2 Kd5 52. Naxb4+ Ke4 53. Rf4+ Ke3 54. Kc4 Bxb4 55. Nxb4 Rg2 56. Nd5+ Ke2 57. Ne7 Rxg3 58. Nxf5 gxf5 59. Rxf5 1/2-1/2

[Event "Warsaw YMCA Winter-C 72nd"]
[Site "Warsaw"]
[Date "2010.03.17"]
[Round "11"]
[White "Bernacki, Gabriel"]
[Black "Starczewska, Malgorzata"]
[Result "0-1"]
[WhiteElo "1840"]
[BlackElo "1819"]
[PlyCount "88"]
[EventDate "2010.01.06"]
[EventType "tourn"]
[EventRounds "13"]
[EventCountry "POL"]
[SourceTitle "EXT 2011"]
[Source "ChessBase"]
[SourceDate "2010.11.26"]
[SourceVersion "1"]
[SourceVersionDate "2010.11.26"]
[SourceQuality "1"]

1. d4 g6 2. c4 Bg7 3. Nc3 c5 4. Nf3 cxd4 5. Nxd4 Nc6 6. Nxc6 bxc6 7. Qd3 d6 8. g3 Bf5 9. e4 Bd7 10. b3 Nf6 11. Bg2 0-0 12. 0-0 a5 13. Bb2 Qc7 14. Rac1 Rab8 15. c5 Rfd8 16. cxd6 exd6 17. Nb5 Qb6 18. Nxd6 Be6 19. Ba3 Ng4 20. Qe2 Bd4 21. Nc4 Bxc4 22. Rxc4 Bxf2+ 23. Rxf2 Qxf2+ 24. Qxf2 Nxf2 25. Kxf2 Rd2+ 26. Kf1 Rxa2 27. Bc5 Rxb3 28. Rc1 Rbb2 29. Bf3 Rxh2 30. Rd1 Rhd2 31. Re1 a4 32. e5 Rac2 33. Be3 Rd8 34. Ra1 Rb8 35. Bd1 Rc3 36. Bf2 a3 37. g4 c5 38. Be1 Rh3 39. Kg2 Rd3 40. Kf1 Rb2 41. Bf2 a2 42. Be1 Rb1 43. Rxa2 Rdxd1 44. Re2 Rxe1+ 0-1

[Event "Warsaw YMCA Winter-C 72nd"]
[Site "Warsaw"]
[Date "2010.03.03"]
[Round "9"]
[White "Bernacki, Gabriel"]
[Black "Safanowski, Tomasz"]
[Result "1-0"]
[WhiteElo "1840"]
[BlackElo "1791"]
[PlyCount "71"]
[EventDate "2010.01.06"]
[EventType "tourn"]
[EventRounds "13"]
[EventCountry "POL"]
[SourceTitle "EXT 2011"]
[Source "ChessBase"]
[SourceDate "2010.11.26"]
[SourceVersion "1"]
[SourceVersionDate "2010.11.26"]
[SourceQuality "1"]

1. d4 Nf6 2. c4 d6 3. Nc3 Nbd7 4. e4 e5 5. Nf3 Be7 6. Be2 c6 7. 0-0 0-0 8. Qc2 Re8 9. h3 Bf8 10. Bg5 h6 11. Be3 g6 12. b4 Nh5 13. Rfd1 Nf4 14. Bf1 Qf6 15. d5 Nxh3+ 16. gxh3 Qxf3 17. Bg2 Qh5 18. dxc6 bxc6 19. b5 Nf6 20. Rd3 Be6 21. bxc6 Bxc4 22. Nd5 Nxd5 23. Qxc4 Nxe3 24. Rxe3 Rec8 25. Rb1 Rc7 26. Rb7 Rac8 27. Qd5 Qg5 28. a4 Rxb7 29. cxb7 Rc1+ 30. Kh2 Qf4+ 31. Rg3 Qxf2 32. h4 Rh1+ 33. Kxh1 Qxg3 34. Qa5 Qb3 35. Qb5 Qg3 36. b8Q 1-0

[Event "Warsaw YMCA Winter-C 72nd"]
[Site "Warsaw"]
[Date "2010.01.13"]
[Round "2"]
[White "Bernacki, Gabriel"]
[Black "Potocki, Karol"]
[Result "1-0"]
[WhiteElo "1840"]
[BlackElo "1851"]
[PlyCount "57"]
[EventDate "2010.01.06"]
[EventType "tourn"]
[EventRounds "13"]
[EventCountry "POL"]
[SourceTitle "EXT 2011"]
[Source "ChessBase"]
[SourceDate "2010.11.26"]
[SourceVersion "1"]
[SourceVersionDate "2010.11.26"]
[SourceQuality "1"]

1. d4 f5 2. Qd3 d5 3. Bg5 c6 4. Nc3 Qa5 5. 0-0-0 e6 6. h3 Na6 7. Kb1 Bd7 8. g4 Ne7 9. Qg3 Rg8 10. e3 0-0-0 11. Qh4 Qb4 12. a3 Qd6 13. Bf4 e5 14. Bxe5 Qe6 15. Bd3 fxg4 16. hxg4 Ng6 17. Bxg6 Qxg6 18. Qxh7 Qxh7 19. Rxh7 Bxg4 20. Nge2 Bf5 21. Rh5 g6 22. Rg1 Be7 23. Rh7 Rde8 24. Ng3 Be6 25. Nce2 g5 26. Rgh1 Nb8 27. R1h6 Bg4 28. Rf7 Nd7 29. f3 1-0

[Event "Warsaw YMCA Winter-C 72nd"]
[Site "Warsaw"]
[Date "2010.01.06"]
[Round "1"]
[White "Prus, Marek"]
[Black "Bernacki, Gabriel"]
[Result "1-0"]
[WhiteElo "1821"]
[BlackElo "1840"]
[PlyCount "69"]
[EventDate "2010.01.06"]
[EventType "tourn"]
[EventRounds "13"]
[EventCountry "POL"]
[SourceTitle "EXT 2011"]
[Source "ChessBase"]
[SourceDate "2010.11.26"]
[SourceVersion "1"]
[SourceVersionDate "2010.11.26"]
[SourceQuality "1"]

1. e4 c6 2. Ne2 d5 3. e5 c5 4. d4 Nc6 5. c3 Qc7 6. Bf4 e6 7. a3 Bd7 8. b4 b6 9. Nd2 Nge7 10. Nf3 h5 11. Rc1 Ng6 12. Qd2 Be7 13. g3 0-0-0 14. h4 Qb7 15. Bg2 Qa6 16. 0-0 Nb8 17. dxc5 bxc5 18. bxc5 Nxf4 19. Nxf4 Bb5 20. Rfe1 Bxc5 21. Nd4 Bc4 22. Bf1 Rd7 23. Nd3 Bxd4 24. cxd4 Rc7 25. Nc5 Qc6 26. Bxc4 dxc4 27. Rxc4 Nd7 28. Rec1 Nb6 29. R4c2 Nd5 30. Ne4 Qd7 31. Rxc7+ Nxc7 32. Qb4 Kd8 33. Nd6 Na6 34. Qa5+ Nc7 35. Qxa7 1-0

[Event "Warsaw-ch opA 62nd"]
[Site "Warsaw"]
[Date "2009.09.07"]
[Round "5"]
[White "Szwaj, Jacek"]
[Black "Bernacki, Gabriel"]
[Result "1-0"]
[WhiteElo "1848"]
[BlackElo "1888"]
[PlyCount "107"]
[EventDate "2009.08.31"]
[EventType "swiss"]
[EventRounds "9"]
[EventCountry "POL"]
[SourceTitle "CBM 132 Extra"]
[Source "ChessBase"]
[SourceDate "2009.11.03"]
[SourceVersion "1"]
[SourceVersionDate "2009.11.03"]
[SourceQuality "1"]

1. e4 c6 2. d4 d5 3. Nd2 dxe4 4. Nxe4 Nd7 5. Nf3 Ngf6 6. Nxf6+ Nxf6 7. Bc4 Bf5 8. Qe2 e6 9. Bg5 Bg4 10. 0-0-0 Be7 11. h3 Bxf3 12. Qxf3 Nd5 13. Bxe7 Qxe7 14. Bxd5 cxd5 15. Qg3 0-0 16. f4 Qc7 17. Qf2 Rac8 18. g4 Qc4 19. Kb1 Rc6 20. Qd2 Rfc8 21. Rh2 Ra6 22. a3 b5 23. Qb4 Qc7 24. Rf2 Rc6 25. Qb3 a5 26. Rdd2 Rb8 27. f5 a4 28. Qf3 b4 29. fxe6 Rxe6 30. axb4 Re1+ 31. Rd1 Rxd1+ 32. Qxd1 Rxb4 33. Qe1 Rb8 34. Re2 Kf8 35. Qd2 Qb7 36. Qc3 Qb5 37. Re1 Kg8 38. h4 h6 39. Re7 Kf8 40. Ra7 Kg8 41. Ka2 Rb6 42. Qc8+ Kh7 43. Qf5+ Kh8 44. Ra8+ Rb8 45. Rxb8+ Qxb8 46. Qxd5 Qc8 47. c4 Qxg4 48. c5 Qxh4 49. c6 Qg3 50. Qxf7 Qb8 51. c7 Qc8 52. d5 Kh7 53. d6 Kh8 54. Qc4 1-0

[Event "Kowalewo Pomorskie op-B 16th"]
[Site "Kowalewo Pomorskie"]
[Date "2009.07.07"]
[Round "4"]
[White "Bernacki, Gabriel"]
[Black "Kotlowski, Tomasz"]
[Result "0-1"]
[WhiteElo "1888"]
[BlackElo "1978"]
[PlyCount "68"]
[EventDate "2009.07.04"]
[EventType "swiss"]
[EventRounds "9"]
[EventCountry "POL"]
[SourceTitle "EXT 2011"]
[Source "ChessBase"]
[SourceDate "2010.11.26"]
[SourceVersion "1"]
[SourceVersionDate "2010.11.26"]
[SourceQuality "1"]

1. e4 g6 2. Nc3 Bg7 3. d4 d6 4. Be3 Nf6 5. f3 c6 6. Qd2 b5 7. Bh6 Bxh6 8. Qxh6 b4 9. Nce2 Qa5 10. Qd2 Nbd7 11. c4 bxc3 12. Qxc3 Qxc3+ 13. Nxc3 Rb8 14. 0-0-0 0-0 15. Bc4 c5 16. Nge2 cxd4 17. Nxd4 Ne5 18. Bb3 Ba6 19. Rd2 Rfc8 20. Kb1 Nfd7 21. Nd5 Kf8 22. f4 Nd3 23. g3 N7c5 24. Rhd1 e5 25. Ne2 Nf2 26. Nec3 Nxd1 27. Bxd1 exf4 28. Nxf4 g5 29. Nfd5 Bd3+ 30. Bc2 Bxc2+ 31. Rxc2 Re8 32. Nf6 Re5 33. Ncd5 Kg7 34. h4 Nxe4 0-1

[Event "Kowalewo Pomorskie op-B 16th"]
[Site "Kowalewo Pomorskie"]
[Date "2009.07.06"]
[Round "3"]
[White "Gajek, Radoslaw"]
[Black "Bernacki, Gabriel"]
[Result "1/2-1/2"]
[WhiteElo "1785"]
[BlackElo "1888"]
[PlyCount "107"]
[EventDate "2009.07.04"]
[EventType "swiss"]
[EventRounds "9"]
[EventCountry "POL"]
[SourceTitle "EXT 2011"]
[Source "ChessBase"]
[SourceDate "2010.11.26"]
[SourceVersion "1"]
[SourceVersionDate "2010.11.26"]
[SourceQuality "1"]

1. e4 c6 2. d4 d5 3. Nd2 dxe4 4. Nxe4 Bf5 5. Ng3 Bg6 6. Nf3 Nd7 7. h4 h6 8. Bd3 Bxd3 9. Qxd3 e6 10. Bd2 Ngf6 11. 0-0-0 Qc7 12. h5 Bd6 13. Ne4 Nxe4 14. Qxe4 Nf6 15. Qe2 0-0-0 16. Rh4 Kb8 17. Ne5 c5 18. Bf4 Nd5 19. Bg3 f6 20. Ng6 Bxg3 21. fxg3 Rhe8 22. Qf2 Rc8 23. dxc5 Qxc5 24. Qxc5 Rxc5 25. Rhd4 Ne3 26. Rd8+ Rxd8 27. Rxd8+ Kc7 28. Rg8 Rxc2+ 29. Kb1 Rd2 30. Rxg7+ Rd7 31. Re7 Kd8 32. Rxd7+ Kxd7 33. Nh4 Kc6 34. Ng6 Nxg2 35. Ne7+ Kd7 36. Ng8 f5 37. Nxh6 Ke7 38. g4 Kf6 39. gxf5 exf5 40. Ng8+ Kg7 41. Ne7 Nh4 42. Kc2 Kh6 43. Kd3 Kxh5 44. Nd5 Kg4 45. Nf6+ Kf4 46. Kd4 Nf3+ 47. Kd5 Ke3 48. Kd6 Kd3 49. Kc7 b5 50. Kb7 Nd4 51. Kxa7 f4 52. Ng4 Kc2 53. Kb6 Kxb2 54. Kc5 1/2-1/2